书目信息 |
| 题名: |
江南书画
|
|
| 作者: | 李兰 著 | |
| 分册: | ||
| 出版信息: | 上海 上海人民出版社 2020.6 |
|
| 页数: | 353页 | |
| 开本: | 21cm | |
| 丛书名: | 江南文化丛书 | |
| 单 册: | ||
| 中图分类: | J212.052 , J292.11 | |
| 科图分类: | ||
| 主题词: | 中国画--绘画评论--中国 , 书法评论--中国 | |
| 电子资源: | ||
| ISBN: | 978-7-208-16428-4 | |
| 000 | 01178nam 2200325 45 | |
| 001 | 012001001478 | |
| 005 | 20130912135243.0 | |
| 010 | @a978-7-208-16428-4@dCNY88.00 | |
| 099 | @aCAL 012020234818 | |
| 100 | @a20200721d2020 em y0chiy0110 ea | |
| 101 | 0 | @achi |
| 102 | @aCN@b310000 | |
| 105 | @aa a 000yy | |
| 106 | @ar | |
| 200 | 1 | @a江南书画@Ajiang nan shu hua@d= Jiangnan painting and calligraphy@f李兰著@zeng |
| 210 | @a上海@c上海人民出版社@d2020.6 | |
| 215 | @a353页@c彩图@d21cm | |
| 225 | 2 | @a江南文化丛书@Ajiang nan wen hua cong shu |
| 300 | @a并列题名:Jiangnan painting and calligraphy | |
| 320 | @a有书目 (第346-353页) | |
| 330 | @a本书旨在通过对名家名作深入浅出的解读, 挖掘江南地区书画艺术的特色与内涵。呈现出“江南书画”在中国书画史中的主导地位, 及对其他地区的辐射与影响。内容包括: 陆机《平复帖》卷 ; 顾恺之《女史箴图》卷等。 | |
| 461 | 0 | @12001 @a江南文化丛书 |
| 510 | 1 | @aJiangnan painting and calligraphy@zeng |
| 606 | 0 | @a中国画@x绘画评论@y中国 |
| 606 | 0 | @a书法评论@y中国 |
| 690 | @aJ212.052@v5 | |
| 690 | @aJ292.11@v5 | |
| 701 | 0 | @a李兰@Ali lan@4著 |
| 801 | @aCN@b江苏凤凰@c20211018 | |
| 905 | @b1343658-61@dJ212.052@e1379@f4 | |
| 江南书画= Jiangnan painting and calligraphy/李兰著.-上海:上海人民出版社,2020.6 |
| 353页:彩图;21cm.-(江南文化丛书) |
| 并列题名:Jiangnan painting and calligraphy |
| ISBN 978-7-208-16428-4:CNY88.00 |
| 本书旨在通过对名家名作深入浅出的解读, 挖掘江南地区书画艺术的特色与内涵。呈现出“江南书画”在中国书画史中的主导地位, 及对其他地区的辐射与影响。内容包括: 陆机《平复帖》卷 ; 顾恺之《女史箴图》卷等。 |
| ● |
| 相关链接 |
|
|
|
|
正题名:江南书画
索取号:J212.052/1379
 
预约/预借
| 序号 | 登录号 | 条形码 | 馆藏地/架位号 | 状态 | 备注 |
| 1 | 1343658 | 213436584 | 第一样本阅览室/ [索取号:J212.052/1379] | 在馆 | |
| 2 | 1343659 | 213436593 | 第一借阅区/ [索取号:J212.052/1379] | 在馆 | |
| 3 | 1343660 | 213436600 | 第一借阅区/ [索取号:J212.052/1379] | 在馆 | |
| 4 | 1343661 | 213436619 | 第一借阅区/ [索取号:J212.052/1379] | 在馆 |